Normal view
MARC view
Entry Geographic Name
001 - CONTROL NUMBER
- control field: 12138
003 - CONTROL NUMBER IDENTIFIER
- control field: dpl
005 - DATE AND TIME OF LATEST TRANSACTION
- control field: 20100813104647.0
008 - FIXED-LENGTH DATA ELEMENTS
- fixed length control field: 100813|||a|||||| | ||| d
040 ## - CATALOGING SOURCE
- Original cataloging agency: dpl
- Transcribing agency: dpl
151 ## - HEADING--GEOGRAPHIC NAME
- Geographic name: भारत
- General subdivision: इतिहास
- Geographic subdivision: 1526-1765
670 ## - SOURCE DATA FOUND
- Source citation: Work cat.: (dpl)29483: बाबरनामाः, 2009
670 ## - SOURCE DATA FOUND
- Source citation: Work cat.: (dpl)29483: बाबरनामाः, 2009
